000
00380nam a22001457a 4500
005
20251108164907.0
008
250721s1991 xx 000 0 ara d
082
1
4
_a
646.4/إيت
245
1
0
_a
12 درساً تعلمك الخياطة /
264
1
_a
بيروت :
_b
دار القبس،
_c
1991.
300
_a
88ص
650
1
7
_a
الخياطة
942
_2
ddc
_c
BK
999
_c
16863
_d
16863